Các mô hình xác suất và ứng dụng. t.II, quá trình dùng và ứng dụng /

সংরক্ষণ করুন:
গ্রন্থ-পঞ্জীর বিবরন
প্রধান লেখক: Nguyễn Duy Tiến (chủ biên.)
অন্যান্য লেখক: Đặng Hùng Thắng.
বিন্যাস: Sách giấy
ভাষা:Vietnamese
প্রকাশিত: H. : Đại học Quốc gia, 2001.
বিষয়গুলি:
ট্যাগগুলো: ট্যাগ যুক্ত করুন
কোনো ট্যাগ নেই, প্রথমজন হিসাবে ট্যাগ করুন!
Thư viện lưu trữ: Thư viện Trường Đại học Đà Lạt
LEADER 00923nam a2200325 4500
001 DLU030022802
003 ##DLU
005 ##20021230
008 ##021230t vn z000 vie d
040 # # |a DLU  |b vie 
041 # # |a vie 
044 # # |a vn 
082 # # |a 519.2  |b NG-T 
100 # # |a Nguyễn Duy Tiến,  |e chủ biên. 
245 # # |a Các mô hình xác suất và ứng dụng.  |n t.II,  |p quá trình dùng và ứng dụng /  |c Nguyễn Duy Tiến chủ biên, Đặng Hùng Thắng. 
260 # # |a H. :  |b Đại học Quốc gia,  |c 2001. 
300 # # |a 120 tr. ;  |c 24 cm. 
653 # # |a Quá trình ngẫu nhiên 
653 # # |a Xác suất và thống kê 
700 # # |a Đặng Hùng Thắng. 
990 # # |a t.II 
992 # # |a 12500 
994 # # |a DLU 
900 # # |a True 
911 # # |a Thái Thị Thanh Thủy 
925 # # |a G 
926 # # |a A 
927 # # |a SH 
980 # # |a Thư viện Trường Đại học Đà Lạt